<?xml version="1.0" encoding="UTF-8"?>
<record
    xmlns:xsi="http://www.w3.org/2001/XMLSchema-instance"
    xsi:schemaLocation="http://www.loc.gov/MARC21/slim http://www.loc.gov/standards/marcxml/schema/MARC21slim.xsd"
    xmlns="http://www.loc.gov/MARC21/slim">

  <leader>00667nam a22002297a 4500</leader>
  <controlfield tag="003">UA-OsUOA</controlfield>
  <controlfield tag="001"> 76822 </controlfield>
  <controlfield tag="007">ta</controlfield>
  <controlfield tag="008">20110825b un ||||| |||| 00| 0 ukr d</controlfield>
  <datafield tag="090" ind1=" " ind2=" ">
    <subfield code="a">(038)=161.2=161.1</subfield>
    <subfield code="b">&#x423;45</subfield>
  </datafield>
  <datafield tag="942" ind1=" " ind2=" ">
    <subfield code="c">BK</subfield>
  </datafield>
  <datafield tag="040" ind1=" " ind2=" ">
    <subfield code="a">UA-OsUOA</subfield>
    <subfield code="b">ukr</subfield>
    <subfield code="c">UA-OsUOA</subfield>
    <subfield code="d">UA-OsUOA</subfield>
  </datafield>
  <datafield tag="245" ind1=" " ind2=" ">
    <subfield code="a">&#x423;&#x43A;&#x440;&#x430;&#x457;&#x43D;&#x441;&#x44C;&#x43A;&#x43E;-&#x440;&#x43E;&#x441;&#x456;&#x439;&#x441;&#x44C;&#x43A;&#x438;&#x439; &#x441;&#x43B;&#x43E;&#x432;&#x43D;&#x438;&#x43A;</subfield>
    <subfield code="c">&#x432;&#x456;&#x434;&#x43F;. &#x440;&#x435;&#x434;. &#x41B;.&#x421;.&#x41F;&#x430;&#x43B;&#x430;&#x43C;&#x430;&#x440;&#x447;&#x443;&#x43A;, &#x41B;.&#x413;.&#x421;&#x43A;&#x440;&#x438;&#x43F;&#x43D;&#x438;&#x43A;</subfield>
  </datafield>
  <datafield tag="300" ind1=" " ind2=" ">
    <subfield code="a">938 &#x441;.</subfield>
  </datafield>
  <datafield tag="955" ind1=" " ind2=" ">
    <subfield code="a">2</subfield>
  </datafield>
  <datafield tag="041" ind1=" " ind2=" ">
    <subfield code="a">ukr</subfield>
  </datafield>
  <datafield tag="080" ind1=" " ind2=" ">
    <subfield code="a">(038)=161.2=161.1</subfield>
  </datafield>
  <datafield tag="260" ind1=" " ind2=" ">
    <subfield code="a">&#x41A;.</subfield>
    <subfield code="b">&#x413;&#x43E;&#x43B;. &#x440;&#x435;&#x434;. &#x423;&#x420;&#x415;</subfield>
    <subfield code="c">1984</subfield>
  </datafield>
  <datafield tag="250" ind1=" " ind2=" ">
    <subfield code="n">&#x432;&#x438;&#x434;. 5</subfield>
  </datafield>
  <datafield tag="650" ind1=" " ind2="7">
    <subfield code="a">0 &#x417;&#x430;&#x433;&#x430;&#x43B;&#x44C;&#x43D;&#x438;&#x439; &#x432;&#x456;&#x434;&#x434;&#x456;&#x43B;.</subfield>
    <subfield code="2">UDC</subfield>
  </datafield>
  <datafield tag="999" ind1=" " ind2=" ">
    <subfield code="c">363120</subfield>
    <subfield code="d">363120</subfield>
  </datafield>
  <datafield tag="952" ind1=" " ind2=" ">
    <subfield code="0">0</subfield>
    <subfield code="1">0</subfield>
    <subfield code="2">udc</subfield>
    <subfield code="4">0</subfield>
    <subfield code="7">0</subfield>
    <subfield code="8">C_BAULIN</subfield>
    <subfield code="a">102</subfield>
    <subfield code="b">102</subfield>
    <subfield code="d">2011-08-25</subfield>
    <subfield code="e">104/2011</subfield>
    <subfield code="g">10.00</subfield>
    <subfield code="i">133577</subfield>
    <subfield code="l">0</subfield>
    <subfield code="o">(038)=161.2=161.1 &#x423;45</subfield>
    <subfield code="p">133577</subfield>
    <subfield code="r">2021-09-29 00:00:00</subfield>
    <subfield code="w">2011-08-25</subfield>
    <subfield code="y">BK</subfield>
  </datafield>
</record>
